| 000 | 00960nam a22003017a 4500 | ||
|---|---|---|---|
| 001 | BR9505455 | ||
| 003 | BR-BrBNA | ||
| 005 | 20230928094555.0 | ||
| 007 | ta | ||
| 008 | 230509b bl.||||| |||| 00| 0 por d | ||
| 040 |
_aBR-BrBNA _bpor _cBiblioteca Nacional de Agricultura |
||
| 041 | _a(Por) | ||
| 072 |
_aF01; F04 _b1930 |
||
| 090 | _ 1930 BR9505455 | ||
| 100 | 1 | _aCoelho, S.J. | |
| 110 | 1 |
_aEscola Superior de Agricultura de Lavras, MG (Brasil) _0Tese (Mestrado em Agronomia) |
|
| 245 | 1 | _aInfluencia de tipo de muda, espacamento e adubacao fosfatada, na formacao de gramado com grama batatais (Paspalum notatum Flugge) | |
| 260 | 3 |
_aLavras, MG (Brasil): _c1994. |
|
| 300 | _a78 p. | ||
| 500 | _a13 tables; 10 illus.; 34 ref.; Summaries (Eng, Por) | ||
| 650 | _aGrama-Batatais | ||
| 650 | _aMuda | ||
| 650 | _aEspacamento | ||
| 650 | _aAdubacao | ||
| 650 | _aFertilizante Fosfatado | ||
| 909 |
_a202309 _bLucia _c55 _dLucia Elande |
||
| 942 | _cBK | ||
| 999 |
_c51429 _d51429 |
||